000 00342nam a2200133Ia 4500
008 240624s9999 xx 000 0 und d
041 _aeng
082 _a828 CAS
100 _aCASTANEDA CARLOS
245 _aSECOND RING OF POWER
260 _c1991
_aNew Delhi
_bCentral News Agency Pvt. Ltd.
300 _a328 : p. : cm. ; 22
365 _c
_b20
999 _c11790
_d11790